Libertad de prensa (Record no. 60931)

MARC details
000 -LEADER
fixed length control field 00576nam a22001817a 4500
005 - DATE AND TIME OF LATEST TRANSACTION
control field 20230330090832.0
008 - FIXED-LENGTH DATA ELEMENTS--GENERAL INFORMATION
fixed length control field 230314b cr ||||| |||| 00| 0 spa d
020 ## - INTERNATIONAL STANDARD BOOK NUMBER
International Standard Book Number 9968941204
050 04 - LIBRARY OF CONGRESS CALL NUMBER
Classification number KGB3015
Item number S47 2002
100 1# - MAIN ENTRY--PERSONAL NAME
Personal name Serrano Castro, Carlos Ml.
245 10 - TITLE STATEMENT
Title Libertad de prensa
Remainder of title : extensión y límites
Statement of responsibility, etc / Carlos Ml. Serrano Castro.
250 ## - EDITION STATEMENT
Edition statement 1a ed.
260 ## - PUBLICATION, DISTRIBUTION, ETC. (IMPRINT)
Place of publication, distribution, etc SanJosé :
Name of publisher, distributor, etc Sociedad Periodística Extra,
Date of publication, distribution, etc 2002
300 ## - PHYSICAL DESCRIPTION
Extent 209 p. ;
Dimensions 21 cm.
504 ## - BIBLIOGRAPHY, ETC. NOTE
Bibliography, etc Incluye anexo, bibliografía
650 #7 - SUBJECT ADDED ENTRY--TOPICAL TERM
Source of heading or term lemb
Topical term or geographic name as entry element Libertad de prensa
Geographic subdivision Costa Rica
942 ## - ADDED ENTRY ELEMENTS (KOHA)
Source of classification or shelving scheme Biblioteca del Cogreso de los Estados Unidos
Koha item type Libro
Holdings
Estado de pérdida Fuente de clasificación Estado del daño No para préstamo Ubicación permanente Ubicación actual Apartado o colección Fecha de adquisición Edición Área del conocimiento Total Checkouts Clasificación Código de Barras Date last seen Número de copia Costo por reposición Tipo de recurso
  Biblioteca del Cogreso de los Estados Unidos     Biblioteca del Posgrado en Derecho Biblioteca del Posgrado en Derecho Colección Ernesto Villanueva 30/03/2023 1a ed. Ciencias Sociales y Administrativas   KGB3015 S47 2002 BPD000001910 30/03/2023 1 1.00 Libro